2024 PGA Tournament Winners - Statistics

General Stats
  • This quiz has been taken 111 times
  • The average score is 15 of 47
Answer Stats
Tournament Score Answer % Correct
Arnold Palmer Invitational -15 Scottie Scheffler
99%
The Players Championship -20 Scottie Scheffler
99%
Masters Tournament -11 Scottie Scheffler
99%
RBC Heritage -19 Scottie Scheffler
99%
Memorial Tournament -8 Scottie Scheffler
99%
Travelers Championship -22 Scottie Scheffler
99%
Tour Championship -10 Scottie Scheffler
99%
Zurich Classic of New Orleans -25 Shane Lowry and Rory McIlroy
89%
Wells Fargo Championship -17 Rory McIlroy
88%
PGA Championship -21 Xander Schauffele
75%
The Open Championship -9 Xander Schauffele
75%
U.S. Open -6 Bryson DeChambeau
70%
Genesis Invitational -17 Hideki Matsuyama
64%
FedEx St. Jude Championship -17 Hideki Matsuyama
64%
AT&T Pebble Beach Pro-Am -17 Wyndham Clark
43%
BMW Championship -12 Keegan Bradley
34%
The American Express -29 Nick Dunlap
17%
Barracuda Championship 49 points Nick Dunlap
17%
WM Phoenix Open -21 Nick Taylor
16%
Valero Texas Open -20 Akshay Bhatia
12%
RBC Canadian Open -16 Robert MacIntyre
12%
Genesis Scottish Open -18 Robert MacIntyre
12%
The Sentry -29 Chris Kirk
9%
Mexico Open -19 Jake Knapp
8%
John Deere Classic -28 Davis Thompson
7%
Corales Puntacana Championship -23 Billy Horschel
6%
Sony Open in Hawaii -17 Grayson Murray
6%
Wyndham Championship -18 Aaron Rai
5%
Rocket Mortgage Classic -18 Cameron Davis
5%
Charles Schwab Challenge -14 Davis Riley
5%
Cognizant Classic -17 Austin Eckroat
4%
WorldWide Technology Championship -24 Austin Eckroat
4%
3M Open -17 Jhonattan Vegas
4%
Farmers Insurance Open -13 Matthieu Pavon
4%
CJ Cup Byron Nelson -23 Taylor Pendrith
4%
Myrtle Beach Classic -22 Chris Gotterup
3%
Valspar Championship -12 Peter Malnati
3%
ISCO Championship -22 Harry Hall
2%
RSM Classic -16 Maverick McNealy
2%
Texas Children's Houston Open -12 Stephan Jager
2%
Puerto Rico Open -19 Brice Garnett
1%
Shriners Children's Open -22 J.T. Poston
1%
Black Desert Championship -23 Matt McCarty
1%
Zozo Championship -20 Nico Echavarria
1%
Butterfield Bermuda Championship -19 Rafael Campos
1%
Sanderson Farms Championship -23 Kevin Yu
0%
Procore Championship -20 Patton Kizzire
0%
No matching quizzes found
Score Distribution
Percent of People with Each Score
Percentile by Number Answered
Your Score History
You have not taken this quiz